| 000 | 00775cab a2200217 4500 | ||
|---|---|---|---|
| 001 | ABS37194 | ||
| 008 | 090401t1986 xxu||||| |||| 00| 0 eng d | ||
| 035 | _a(Sirsi) u2763 | ||
| 041 | _aeng | ||
| 100 | _aJones, J. | ||
| 245 | _aExplaining the operation of milk quotas | ||
| 260 | _c1986 | ||
| 350 | _a0 | ||
| 490 |
_aValuer (ISVA) _v55(10) December 1986, 348-349(2) |
||
| 520 | _aOutlines the method of allocation and disposal of milk quotas - leasing , sale or participation in the outgoers scheme - and compensation for tenants for their share of the value of a quota at the end of a tenancy. | ||
| 650 | _aPROPERTY-LANDLORD AND TENANT-TENANCIES-AGRICULTURAL TENANCIES | ||
| 650 | _aTERMINATION | ||
| 690 | _aRURAL PRACTICE | ||
| 942 | _n0 | ||
| 948 | _c04/03/1997 | ||
| 999 |
_c1663 _d1663 |
||